| 000 | 00956cam a2200301 i 4500 | ||
|---|---|---|---|
| 001 | 41168 | ||
| 003 | Mx-PuUPA | ||
| 005 | 20250426101302.0 | ||
| 008 | 140415s2024 sp gr 000 0 spa d | ||
| 017 | _aM-3382-2024 | ||
| 020 | _a978848430990054 | ||
| 040 |
_aMx-PuUPA _bspa _cMx-PuUPA _dMx-PuUPA _erda |
||
| 041 | 0 | _aspa | |
| 100 | 1 |
_aRodríguez, Ramón, _d1925- _eautor _916965 |
|
| 245 | 1 | 3 |
_aLa metafísica del siglo XX / _b _cRamón Rodríguez |
| 264 | 1 |
_aMadrid : _bEditorial Tecnos, _c2024 |
|
| 300 |
_a282 páginas ; _c23 cm |
||
| 336 |
_2rdacontent _atexto _btxt |
||
| 337 |
_2rdamedia _asin medio _bn |
||
| 338 |
_2rdacarrier _avolumen _bnc |
||
| 490 | 0 | _aFilosofía y Ensayo | |
| 650 | 7 |
_2armarc _aMetafísica _ySiglo XX |
|
| 650 | 7 |
_2armarc _aFilosofía _xHistoria |
|
| 942 |
_2ddc _cLI _h110 _iR68 |
||
| 999 |
_c41168 _d41168 |
||